<?xml version="1.0" encoding="UTF-8"?>
<record
    xmlns:xsi="http://www.w3.org/2001/XMLSchema-instance"
    xsi:schemaLocation="http://www.loc.gov/MARC21/slim http://www.loc.gov/standards/marcxml/schema/MARC21slim.xsd"
    xmlns="http://www.loc.gov/MARC21/slim">

  <leader>02742nam a2200349 i 4500</leader>
  <controlfield tag="001">000002710</controlfield>
  <controlfield tag="003">DO-SdBNP</controlfield>
  <controlfield tag="005">20260217115014.0</controlfield>
  <controlfield tag="007">ta</controlfield>
  <controlfield tag="008">090703s2022    dr a          000 0 spa d</controlfield>
  <datafield tag="020" ind1=" " ind2=" ">
    <subfield code="a">9789945511055</subfield>
  </datafield>
  <datafield tag="040" ind1=" " ind2=" ">
    <subfield code="a">DO-SdBNP</subfield>
    <subfield code="b">spa</subfield>
    <subfield code="c">BNPHU</subfield>
    <subfield code="e">rda</subfield>
  </datafield>
  <datafield tag="041" ind1=" " ind2=" ">
    <subfield code="a">spa</subfield>
  </datafield>
  <datafield tag="082" ind1=" " ind2="4">
    <subfield code="a">305.42</subfield>
    <subfield code="b">M671d 2021</subfield>
    <subfield code="2">22</subfield>
  </datafield>
  <datafield tag="111" ind1="1" ind2=" ">
    <subfield code="a">Conferencia de Estudios de G&#xE9;nero</subfield>
    <subfield code="n">(11a. :</subfield>
    <subfield code="d">2021 :</subfield>
    <subfield code="c">Santo Domingo, Rep&#xFA;blica Dominicana )</subfield>
    <subfield code="9">83037</subfield>
  </datafield>
  <datafield tag="245" ind1="1" ind2="0">
    <subfield code="a">Miradas desencadenantes :</subfield>
    <subfield code="b">construcci&#xF3;n de conocimientos para la igualdad; la movilidad humana: una mirada de g&#xE9;nero a los desaf&#xED;os y desigualdades en los nuevos contextos migratorios ; trata de personas, nacionalidad y refugio en Rep&#xFA;blica Dominicana.</subfield>
  </datafield>
  <datafield tag="264" ind1=" " ind2="4">
    <subfield code="a">Santo Domingo :</subfield>
    <subfield code="b">INTEC,</subfield>
    <subfield code="c">&#xA9;2022.</subfield>
  </datafield>
  <datafield tag="300" ind1=" " ind2=" ">
    <subfield code="a">263 paginas ;</subfield>
    <subfield code="c">25 cm.</subfield>
  </datafield>
  <datafield tag="336" ind1=" " ind2=" ">
    <subfield code="a">texto</subfield>
    <subfield code="b">txt</subfield>
    <subfield code="2">rdacontent</subfield>
  </datafield>
  <datafield tag="337" ind1=" " ind2=" ">
    <subfield code="a">sin mediaci&#xF3;n</subfield>
    <subfield code="b">n</subfield>
    <subfield code="2">rdamedia</subfield>
  </datafield>
  <datafield tag="338" ind1=" " ind2=" ">
    <subfield code="a">volumen</subfield>
    <subfield code="b">nc</subfield>
    <subfield code="2">rdacarrier</subfield>
  </datafield>
  <datafield tag="490" ind1="0" ind2=" ">
    <subfield code="a">Colecci&#xF3;n Miradas desencadenantes </subfield>
    <subfield code="v">6</subfield>
  </datafield>
  <datafield tag="500" ind1=" " ind2=" ">
    <subfield code="a">Fue asignado cutter del titulo de la conferencia para reunir la colecci&#xF3;n en la estanter&#xED;a. </subfield>
  </datafield>
  <datafield tag="505" ind1=" " ind2=" ">
    <subfield code="a">Introducci&#xF3;n. XL Conferencia Dominicana de Estudios de G&#xE9;nero ''Construcci&#xF3;n de Conocimientos para la igualdad'' 3 -- La problematizaci&#xF3;n de las 'parturientas haitianas' y otras estrategias de control fronterizo 11 -- Persecuci&#xF3;n penal de mujeres por aborto y otros eventos obst&#xE9;tricos en la Rep&#xFA;blica Dominicana. Lila: criminalizaci&#xF3;n por razones de g&#xE9;nero, raza y origen nacional 51 -- Retorno, Obra teatral de Kenia Liranzo, compuesta por los mon&#xF3;logos ''El retorno de Norma'' y ''La hora de la verdad''. Basada en historias reales de cr&#xED;menes de la trata de personas 65 -- Pol&#xED;ticas p&#xFA;blicas de retorno y reinserci&#xF3;n a la Rep&#xFA;blica Dominicana a favor de mujeres v&#xED;ctimas de trata de personas. 2014-2017 95 --Cuenta, Yova, cuenta: una mirada subjetiva de la trata de mujeres dominicanas 139 -- G&#xE9;nero, migraciones internacionales y barreras socioling&#xFC;&#xED;sticas 153 -- La trayectoria de Maha Mamo y su lucha por el derecho de pertenecer 175 -- Intervenci&#xF3;n psicoterap&#xE9;utica grupal con mujeres migrantes: un estudio de caso 193 -- Movilidades femeninas: la presencia desafiante de las mujeres migrantes en la universidad brasile&#xF1;a 223 -- Entre la emergencia humanitaria y la emergenc</subfield>
  </datafield>
  <datafield tag="590" ind1=" " ind2=" ">
    <subfield code="a">Inventariado, 2023 / DG</subfield>
  </datafield>
  <datafield tag="650" ind1=" " ind2="4">
    <subfield code="a">Feminismo</subfield>
    <subfield code="x">Investigaciones</subfield>
    <subfield code="x">Congresos, conferencias, etc.</subfield>
    <subfield code="9">8556</subfield>
  </datafield>
  <datafield tag="650" ind1=" " ind2="4">
    <subfield code="a">Mujeres en Rep&#xFA;blica Dominicana</subfield>
    <subfield code="x">Congresos, conferencias, etc.</subfield>
    <subfield code="9">8557</subfield>
  </datafield>
  <datafield tag="650" ind1=" " ind2="4">
    <subfield code="a">Derechos de la mujer</subfield>
    <subfield code="z">Rep&#xFA;blica Dominicana</subfield>
    <subfield code="x">Congresos, conferencias, etc.</subfield>
    <subfield code="9">8558</subfield>
  </datafield>
  <datafield tag="710" ind1="2" ind2=" ">
    <subfield code="a">Instituto Tecnol&#xF3;gico de Santo Domingo</subfield>
    <subfield code="9">78911</subfield>
  </datafield>
  <datafield tag="910" ind1=" " ind2=" ">
    <subfield code="a">DG. Validado, 2023/MFF</subfield>
  </datafield>
  <datafield tag="942" ind1=" " ind2=" ">
    <subfield code="2">ddc</subfield>
    <subfield code="c">LBS1</subfield>
  </datafield>
  <datafield tag="952" ind1=" " ind2=" ">
    <subfield code="0">0</subfield>
    <subfield code="1">0</subfield>
    <subfield code="2">ddc</subfield>
    <subfield code="5">1</subfield>
    <subfield code="7">0</subfield>
    <subfield code="8">PD</subfield>
    <subfield code="a">BNPHU</subfield>
    <subfield code="b">BNPHU</subfield>
    <subfield code="c">HD</subfield>
    <subfield code="d">2023-05-11</subfield>
    <subfield code="o">BNPHU PD 305.42 M671d 2021</subfield>
    <subfield code="p">2023-1736</subfield>
    <subfield code="r">2023-05-11</subfield>
    <subfield code="w">2023-05-11</subfield>
    <subfield code="y">LBS1</subfield>
  </datafield>
  <datafield tag="952" ind1=" " ind2=" ">
    <subfield code="0">0</subfield>
    <subfield code="1">0</subfield>
    <subfield code="2">ddc</subfield>
    <subfield code="5">1</subfield>
    <subfield code="7">0</subfield>
    <subfield code="8">PD</subfield>
    <subfield code="a">BNPHU</subfield>
    <subfield code="b">BNPHU</subfield>
    <subfield code="c">HD</subfield>
    <subfield code="d">2023-05-11</subfield>
    <subfield code="o">BNPHU PD 305.42 M671d 2021</subfield>
    <subfield code="p">2023-1737</subfield>
    <subfield code="r">2023-05-11</subfield>
    <subfield code="t">e.2</subfield>
    <subfield code="w">2023-05-11</subfield>
    <subfield code="y">LBS1</subfield>
  </datafield>
  <datafield tag="952" ind1=" " ind2=" ">
    <subfield code="0">0</subfield>
    <subfield code="1">0</subfield>
    <subfield code="2">ddc</subfield>
    <subfield code="5">6</subfield>
    <subfield code="7">0</subfield>
    <subfield code="8">DS</subfield>
    <subfield code="a">BNPHU</subfield>
    <subfield code="b">BNPHU</subfield>
    <subfield code="c">HD</subfield>
    <subfield code="d">2023-05-11</subfield>
    <subfield code="o">BNPHU DS 305.42  M671d 2021</subfield>
    <subfield code="p">2023-1738</subfield>
    <subfield code="r">2023-05-11</subfield>
    <subfield code="t">e.3</subfield>
    <subfield code="w">2023-05-11</subfield>
    <subfield code="y">LBS1</subfield>
  </datafield>
  <datafield tag="952" ind1=" " ind2=" ">
    <subfield code="0">0</subfield>
    <subfield code="1">0</subfield>
    <subfield code="2">ddc</subfield>
    <subfield code="5">6</subfield>
    <subfield code="7">0</subfield>
    <subfield code="8">DS</subfield>
    <subfield code="a">BNPHU</subfield>
    <subfield code="b">BNPHU</subfield>
    <subfield code="c">HD</subfield>
    <subfield code="d">2025-09-19</subfield>
    <subfield code="e">Donado por INTEC</subfield>
    <subfield code="l">0</subfield>
    <subfield code="o">BNPHU DS 305.42 M671d 2021</subfield>
    <subfield code="p">2025-10546</subfield>
    <subfield code="r">2025-09-19</subfield>
    <subfield code="t">e.4</subfield>
    <subfield code="w">2025-09-19</subfield>
    <subfield code="y">LBS1</subfield>
  </datafield>
  <datafield tag="952" ind1=" " ind2=" ">
    <subfield code="0">0</subfield>
    <subfield code="1">0</subfield>
    <subfield code="2">ddc</subfield>
    <subfield code="5">6</subfield>
    <subfield code="7">0</subfield>
    <subfield code="8">DS</subfield>
    <subfield code="a">BNPHU</subfield>
    <subfield code="b">BNPHU</subfield>
    <subfield code="c">HD</subfield>
    <subfield code="d">2025-09-19</subfield>
    <subfield code="e">Donado por INTEC</subfield>
    <subfield code="l">0</subfield>
    <subfield code="o">BNPHU DS 305.42 M671d 2021</subfield>
    <subfield code="p">2025-10547</subfield>
    <subfield code="r">2025-09-19</subfield>
    <subfield code="t">e.5</subfield>
    <subfield code="w">2025-09-19</subfield>
    <subfield code="y">LBS1</subfield>
  </datafield>
  <datafield tag="999" ind1=" " ind2=" ">
    <subfield code="c">53483</subfield>
    <subfield code="d">53483</subfield>
  </datafield>
</record>
